000 00565nam a2200157Ia 4500
005 20250401110607.0
008 231217s9999 xx 000 0 und d
020 _a9788131412657
082 _a658.04096 GUP;3
100 _aGupta, Vipin. Lerenbury, Nancy. Moore, Lynoc, L ed.
245 0 _aCulturally sensitive models of family business in Latin America : a compendium using the globe paradigm
260 _c2008
_bIcfai
_aHyderabad
300 _axvi, 264
650 _aCulturally,sensitive,business,Latin,America,compendium,using,globe,paradigm
942 _cAA
999 _c189331
_d189331